Eredivisie Clubs (Dutch Soccer) - Statistics

General Stats
  • This quiz has been taken 95 times
  • The average score is 13 of 18
Answer Stats
City Club (answer) % Correct
Amsterdam Ajax
100%
Eindhoven PSV
99%
Rotterdam Feyenoord
94%
Alkmaar AZ
81%
Utrecht FC Utrecht
75%
Groningen FC Groningen
74%
Rotterdam Sparta Rotterdam
74%
Sittard Fortuna Sittard
71%
Arnhem Vitesse
71%
Zwolle PEC Zwolle
69%
Nijmegen NEC Nijmegen
64%
Waalwijk RKC Waalwijk
64%
Enschede FC Twente
60%
Deventer Go Ahead Eagles
60%
Almelo Heracles Almelo
58%
Tilburg Willem II
58%
Heerenveen SC Heerenveen
57%
Leeuwarden SC Cambuur
44%
No matching quizzes found
Score Distribution
Percent of People with Each Score
Percentile by Number Answered
Your Score History
You have not taken this quiz